000 00600nam a2200205Ia 4500
003 BUBTL
008 151213s9999 xx 000 0 und d
020 _a81-7014-377-2
082 _a658.45 / PAE
100 _aPal, Rajendra & J.S. Korlahalli
_92853
245 _aEssential of business communication
_cRajendra Pal & J.S. Korlahalli
260 _aNew Delhi
_bS. Chand
_c2001
300 _a324p . :
_b21cm.
650 _aManagement
_92854
650 _aManagement
_92854
700 _aRajendra Pal & J.S. Korlahalli
_92855
856 _k0
_l0
_yDownload
942 _2ddc
_cBK
999 _c1020
_d1020